| 000 | 00534nam a22001817a 4500 | ||
|---|---|---|---|
| 005 | 20251108165007.0 | ||
| 008 | 250721s1979 xx 000 0 ara d | ||
| 082 | 1 | 4 | _a923.6/مرا |
| 100 | 1 | _aعلي، مراد محمد | |
| 245 | 1 | 0 | _aرواد تعاونيون / |
| 264 | 1 |
_aالقاهرة : _bمؤسسة دار التعاون للطبع و النشر، _c1979. |
|
| 300 | _a167ص | ||
| 490 | 0 | _aكتاب التعاون | |
| 650 | 1 | 7 | _aرجال الإصلاح |
| 650 | 1 | 7 | _aالتراجم |
| 942 |
_2ddc _cBK |
||
| 999 |
_c19366 _d19366 |
||